Представление документа в формате RUSMARC

ПолеНазваниеЗначение
  Тип записи j
  Библиографический уровень m
001 Контрольный номер RU\NLR\BIBL_A\011777996
005 Дата корректировки 20211217162021.7
010 Индекс ISBN __
a ISBN 978-5-9677-2704-7
b Уточнения в кор.
d Цена 227-00
100 Данные общей обработки __
a Данные общей обработки 20180827d2019####d y0rusa0289 ca
101 Язык документа 0_
a Язык текста rus
102 Страна публикации __
a Страна публикации RU
106 Кодированные данные (форма документа) __
a Кодированные данные для формы документа (Обозначение носителя) s
125 Кодированные данные звукозаписи и нотных изданий __
b Определитель литературного текста с
126 Кодированные данные (звукозаписи-физические характеристики) __
a Кодированные данные звукозаписи (общие) аgbхhхх сb
127 Кодированные данные (звукозаписи-физические характеристики) __
a Продолжительность проигрывания 0526##
135 Кодированные данные (электронные ресурсы) __
a Кодированные данные (электронные ресурсы) hongannnauuuu
139 Кодированные данные (электронные ресурсы) __
a Кодированные данные (электронные ресурсы) caz
181 Поле кодированных данных: вид содержания _0
a Код вида содержания (ISBD) h
182 Поле кодированных данных: тип средства _0
a Код типа средства (ISBD) a
200 Заглавие и сведения об ответственности 1_
a Заглавие Дневник кото-сапиенса
e Сведения, относящиеся к заглавию [аудиокнига]
f Первые сведения об ответственности Тамара Крюкова ; читает Вадим Максимов ; музыка Леонида Атабекова
203 Вид содержания и тип средства __
a Вид содержания Устная речь
c Тип средства аудио
210 Выходные данные 1_
a Место издания Москва
c Издательство 1С-Паблишинг
d Дата издания 2019
215 Физическое описание __
a Объем 1 электрон. опт. диск (CD-ROM) (5 ч. 26мин.)
c Иллюстрации/тип воспроизводства зв.
d Формат 12 см
225 Серия 1_
a Серия 1С: Аудиокниги
300 Общие примечания __
a Общие примечания Заглавие с этикетки диска
300 Общие примечания __
a Общие примечания Данные в формате MP3
330 Аннотация __
a Аннотация Послушайте добрую и остроумную историю про жизнь одного семейства, увиденную через призму кошачьего взгляда. Герой повести Барсик - домашний кот, который умеет пользоваться не только лотком, но и Интернетом. Семья, в которой он живет, по нынешним меркам, большая: Хозяин, его жена Хозяйка и их дети - старшеклассница Алена, восьмиклассник Антон, который не ладит с котом и потому заслужил от него прозвище Оболтус, и дошколенок Ваня - друг и защитник пушистого питомца. Барсик рассказывает о непростой кошачьей жизни, делясь попутно мнением о людской суете и мишуре, и дает несколько советов, как правильно воспринимать текущие события. Отличная книга не только для кошатников, но и для всех, кому интересна психология животных.
333 Примечание о целевом назначении __
a Примечание о целевом назначении 12+. Для детей старше 12 лет
337 Примечание о системных требованиях (электронные ресурсы) __
a Примечание о системных требованиях (электронные ресурсы) Системные требования: MS Windows 95/98/2000/XP/Vista/7/8/10 ; Pentium 100 ; ОЗУ 16 Мб ; монитор SVGA, 800x600 ; устройство чтения CD/DVD-ROM ; звуковая карта ; колонки или наушники ; мышь
606 Тематические рубрики __
a Основная рубрика Художественная литература
606 Тематические рубрики __
a Основная рубрика Современная русская литература (произведения)
610 Ключевые слова 0_
a Ключевые слова детская литература
610 Ключевые слова 0_
a Ключевые слова подростковая литература
610 Ключевые слова 0_
a Ключевые слова повести
610 Ключевые слова 0_
a Ключевые слова повести для детей
610 Ключевые слова 0_
a Ключевые слова тема животных
610 Ключевые слова 0_
a Ключевые слова тема котов
610 Ключевые слова 0_
a Ключевые слова тема семьи
686 Индексы других классификаций __
a Классификационный индекс 84(2=411.2)6-4я04; ст84(2=411.2)6-4я0
2 Код системы rubbks
700 Автор _1
a Фамилия Крюкова
b Имя Т. Ш.
f Даты 1953-
g Полное личное имя Тамара Шамильевна
3 Контрольный № нормативной записи RU\NLR\AUTH\7711049
4 Код отношения 070
702 Вторичная интеллектуальная ответственность _1
a Фамилия Максимов
b Имя В. Г.
g Полное личное имя Вадим Германович
3 Контрольный № нормативной записи RU\NLR\AUTH\7738087
4 Код отношения 590
702 Вторичная интеллектуальная ответственность _1
a Фамилия Атабеков
b Имя Л.
g Полное личное имя Леонид
4 Код отношения 230
801 Источник записи _0
a Страна RU
b Организация NLR
c Дата составления 20180827
g Правила каталогизации PSBO
801 Источник записи _1
a Страна RU
b Организация NLR
c Дата составления 20180827
2 Код формата rusmarc
g Правила каталогизации PSBO
801 Источник записи _2
a Страна RU
b Организация NLR
c Дата составления 20181011
2 Код формата rusmarc
g Правила каталогизации PSBO
852 Данные о местонахождении __
i Авторский знак К 85
j Шифр хранения 84(2=411.2)6-4я04
899 Данные о местонахождении __
a Местонахождение ЦБС Сургут
900 Макрообъекты __
a Макрообъекты Дневник Кото-сапиенса, 2019 г. (эл. ресурс)
901 Тип документа __
a Ответственный ООФиК/Волкова
t Тип документа 0
903 Характеристики (МАРС) __
a Дата передачи 20210203
c Наименование библиотеки (МАРС) Муниципальное бюджетное учреждение культуры "Централизованная библиотечная система" г. Сургут (Центральная городская библиотека им. А. С. Пушкина)
969 Тип издания __
a Тип издания издание для слепых
a Тип издания издание для детей
a Тип издания аудиокнига
990 Данные о заказе (DOS) __
j Количество экземпляров (DOS) 3
t N записи в КСУ для И/У (DOS) 202102